Personaggi famosi regione per regione #2 - Statistics

Statistiche generali
  • Questo quiz è stato fatto 94 volte
  • Il punteggio medio è 12 su 20
Statistiche sulle risposte
Hint Risposta % Corretto
Fabrizio De André LIGURIA
83%
Roberto Benigni TOSCANA
82%
Marco Polo VENETO
78%
Roberto Saviano CAMPANIA
76%
Antonello Venditti LAZIO
76%
Leonardo Sciascia SICILIA
74%
Grazia Deledda SARDEGNA
72%
San Benedetto da Norcia UMBRIA
71%
Mahmood LOMBARDIA
62%
Domenico Modugno PUGLIA
61%
Rino Gaetano CALABRIA
59%
Luciano Pavarotti EMILIA ROMAGNA
58%
Valentino Rossi MARCHE
58%
Lilli Gruber TRENTINO ALTO ADIGE
57%
Federico Chabod VALLE D'AOSTA
51%
Elisa FRIULI VENEZIA GIULIA
46%
Umberto Eco PIEMONTE
42%
Bruno Vespa ABRUZZO
36%
Orazio (Quinto Orazio Flacco) BASILICATA
29%
Fred Bongusto MOLISE
25%
Nessun quiz corrispondente trovato
Distribuzione punteggi
Percentuale di utenti per punteggio
Percentile per numero di risposta
I tuoi punteggi nel tempo
Non hai fatto questo quiz